Finis les paroles - Niro - Statistiques

Statistiques générales
  • Ce quiz a été pris 266 fois
  • Le résultat moyen est 4 sur 10
Statistiques - réponses
Hint Réponse % Correct
J’t’ai placé tellement haut, j’t’en ai donné le... vertige
91%
Les problèmes, c’est jamais fini, quand j’en enterre un, un autre........ apparaît
75%
Faut qu’tu sortes de ma tête, j’te sors de mon cœur dessiné à la... craie
67%
Quand j’reçois trop d’amour, j’ai du mal à en... donner
67%
On combat pas la vie en déprimant, parle pas d’amour à mes gosses du... ciment
55%
Si tu veux faire affaire avec N.I.R.O, faut qu’tu déplaces la virgule de deux-trois... zéros
29%
L’amour est aveugle donc j’ai acheté des.... chiennes
17%
Ton cœur ne parle pas la même langue que tes..... lèvres
14%
J’prendrais jamais les armes pour un pays qui a déjà pillé mes.... terres
12%
J’ai marqué la banlieue comme un survêt’.... Croco
5%
Aucun quiz correspondant
Distribution des résultats
% des personnes avec chaque résultat
Percentile par nombre de réponses
Votre historique - résultats
Vous n’avez pas pris ce quiz